00904 a2200253 4500003000700000005001700007008004100024020001800065040002500083050001900108100002000127245013800147260003300285300003600318336002800354337003000382338002700412500007300439650003600512650001600548650002800564650002700592650003100619CBULib20250129093023.0241104b |||||||| |||| 00| 0 eng d a9780323327077 bEnglishcCBULiberda aSF 811.565 Kee aKeene, Bruce W. aRapid interpretation of heart and lung sounds : a guide to cardiac and respiratory auscultation in dogs and catsc/ by Bruce W. Keene bElsevier,c2015aSt. Louis : a xvii, 93 pages : illustrations 2rdacontentaText |btxt 2rdamediaaUnmediated |bn 2rdacarrieraVolumebnc aIncludes revision of: Rapid interpretation of heart and lung sounds. 0aARRHYTHMIAS, CARDIAC VETERINARY 0aASCULTATION 0aAUSCULTATION VETERINARY 0aCAT DISEASES DIAGNOSIS 0aDOGS CARDIOVASCULAR SYSTEM